Normal view
MARC view
Entry Genre/Form Term
001 - CONTROL NUMBER
- control field: 817
003 - CONTROL NUMBER IDENTIFIER
- control field: ARRUPE
005 - DATE AND TIME OF LATEST TRANSACTION
- control field: 20130920111819.0
008 - FIXED-LENGTH DATA ELEMENTS
- fixed length control field: 130920|| aca||aabn | a|a d
040 ## - CATALOGING SOURCE
- Original cataloging agency: ARRUPE
- Transcribing agency: ARRUPE
155 ## - HEADING--GENRE/FORM TERM
- Genre/form term: Electronic books.
670 ## - SOURCE DATA FOUND
- Source citation: Work cat.: (ARRUPE)0: Henry, John, 1950- 813, The scientific revolution and the origins of modern science, 2001.